[Event "Moehnesee Cup-B"]
[Site "Moehnesee"]
[Date "2005.08.18"]
[Round "1"]
[White "Dymek, Hans Peter"]
[Black "Kuhn, Viktor"]
[Result "0-1"]
[WhiteElo "1501"]
[BlackElo "1756"]
[PlyCount "36"]
[EventDate "2005.08.18"]
[EventType "swiss"]
[EventRounds "7"]
[EventCountry "GER"]
[SourceTitle "CBM 108 Extra"]
[Source "ChessBase"]
[SourceDate "2005.11.04"]
[SourceVersion "1"]
[SourceVersionDate "2005.11.04"]
[SourceQuality "1"]

1. d4 d5 2. Nf3 c6 3. e3 Nf6 4. Bd3 Bg4 5. Nbd2 Nbd7 6. c4 e5 7. Be2 e4 8. Ng1 Bf5 9. Nb3 Be7 10. Bd2 0-0 11. Qc2 b6 12. Bd1 Rc8 13. Rc1 c5 14. dxc5 Bxc5 15. cxd5 Ne5 16. Be2 Bxe3 17. Qxc8 Bxd2+ 18. Nxd2 Bxc8 0-1